000 00786cam a2200241u 4500
001 2813
003 FISKH
005 20240116095107.0
008 830714s1961 enk 000 0 eng
010 _a 61065447
040 _aDLC
_cCarP
_dDLC
_beng
043 _ae-fr---
050 0 0 _aPZ3.L6474
_bWay2
_aPR6062.I47
082 _a813.08
100 1 _aLindop, Audrey Erskine,
_d1920-1987
245 1 4 _aThe way to the lantern.
_cAudrey Erskine Lindop
260 _aLondon :
_bCollins,
_c1961
300 _a448 pages :
_c23 cm.
520 _aAn English actor and confidence trickster rises to prominence during the era of the French Revolution.
651 0 _aFrance
_xHistory
_yRevolution, 1789-1799
_xFiction.
906 _a0
_bcbc
_cpremunv
_du
_encip
_f19
_gy-gencatlg
942 _2ddc
_cBK
_n0
999 _c2813
_d2813